| 000 | 01772nam a2200337 a 4500 | ||
|---|---|---|---|
| 001 | BRCA_3075 | ||
| 005 | 20190320204110.0 | ||
| 008 | 270109s1822----fr-a---###---#000-0#fre-u | ||
| 041 | _afre | ||
| 044 | _afr | ||
| 084 |
_a382 _b.M47 _c1822 |
||
| 100 | 1 |
_aCervantes Saavedra, Miguel de _d1547-1616 _9213 |
|
| 245 | 1 | 0 |
_aLe Don Quichotte _cMiguel de Cervantes Saavedra ; Traduit de L´Espagnol par H. Bouchon Dubournial. |
| 260 |
_aParís _bMéquignon-Marvis _c1822 |
||
| 300 |
_a4 v. _bil. _c22 cm. |
||
| 500 | _aContenido : v 1. Primera parte. Aviso del editor. Prefacio del traductor. Prólogo del autor. Notas. Texto. -- v 2. Notas. Texto. -- v 3. Segunda parte. Notas. Texto. -- v 4. Notas. Intinerario de D. Quijote por Bory de St. Vincent. Mapa. texto | ||
| 500 | _aEdición : Nouvelle Edition Revuee, Corrigeé, Ornée de 12 Gravures et de la Carte du Voyage | ||
| 500 | _aPuede decirse que esta bellísima edición, salvo la portada, es una copia exacta de la del mismo editor citada bajo el número LO-381. Está primorosamente impresa con tipos hermosos y claros, sobre excelente papel, y va adornada con bellas láminas dibujadas por H. Vernet y E. Lamie Lúdovik Osterc | ||
| 500 | _aQM303 | ||
| 546 | _aTexto en : francés | ||
| 650 | 1 | 4 |
_aNovela española _yÉpoca clásica, 1500-1700 _9215 |
| 650 | 1 | 4 |
_aLiteratura española _yÉpoca clásica, 1500-1700 _9216 |
| 650 | 1 | 4 |
_aNovela española _ySiglo XVII _9217 |
| 650 | 1 | 4 |
_aDon Quijote (Personaje ficticio) _eNovela _9218 |
| 700 | 1 |
_aBouchon Dubournial, Henri _d1749-1828 _eTraductor _98403 |
|
| 700 | 1 |
_aVernet, Emile Jean Horace _d1789-1863 _eIlustrador _98404 |
|
| 700 | 1 |
_aLamie, E. _eIlustrador _98405 |
|
| 740 | 0 | _aEl Ingenioso Hidalgo Don Quijote de la Mancha | |
| 902 | _aQFM | ||
| 942 |
_2lcc _cB |
||
| 999 |
_c2811 _d2811 |
||